00329pam a2200133 a 4500020000500000041000500005082002800010100001700038245006000055250001200115260003800127300001300165700001700178 c h a658.14999999999998bBRI aBrigham.E.F. aFundamentals Of Financial ManagementhTextual Documents a10th ed aNew DelhibCengage Learningc2004 aXXXI/831 aHouston,J.F.